| 000 | 00890cam a2200241 a 4500 | ||
|---|---|---|---|
| 001 | 12307504 | ||
| 005 | 20180215043716.0 | ||
| 008 | 010212s2001 iaua bf s001 0 eng | ||
| 010 | _a 2001016995 | ||
| 020 | _a0813811538 (alk. paper) | ||
| 035 | _a(OCoLC)ocm45958219 | ||
| 040 |
_aDLC _cDLC _dOCL _dC#P _dDLC |
||
| 041 | _aeng | ||
| 080 | _a629.13252 KER | ||
| 082 | 0 | 0 |
_a629.13252 KER _221 |
| 100 | 1 | _a27 | |
| 101 | _aIM | ||
| 245 | 1 | 4 |
_aThe student pilot's flight manual : _cWilliam K. Kershner. |
| 504 | _aIncludes bibliographical references and index. | ||
| 906 |
_a7 _bcbc _corignew _d1 _eocip _f20 _gy-gencatlg |
||
| 942 |
_2ddc _cBK |
||
| 999 |
_c42615 _d42615 |
||